00357nam a22001217a 450000500170000002000220001703500130003903700130005210000230006524500780008826000440016630000250021020120502141410.0 a8185565791c00.00 aA-948822 aDPLbENG aMishra, Madhusudan aBharatiya Janata Party and India's foreign policy /cby Madhusudan Mishra aNew DelhibUppal Publishing Housec1997 aviii, 268p.c20 cms.